بہا ر مين عر بی و فا ر سی کی نما يند ہ شخصيتين (Record no. 93454)

MARC details
000 -LEADER
fixed length control field 00795nam a22002177a 4500
005 - DATE AND TIME OF LATEST TRANSACTION
control field 20150511113050.0
008 - FIXED-LENGTH DATA ELEMENTS--GENERAL INFORMATION
fixed length control field 140714b xxu||||| |||| 00| 0 Urdu d
010 ## - LCCN (DPL NO)
LC control number UR-8876
020 ## - INTERNATIONAL STANDARD BOOK NUMBER
Terms of availability 200.00
035 ## - SYSTEM CONTROL NUMBER
System control number U-7431
037 ## - SOURCE OF ACQUISITION
Source of stock number/acquisition BPPD/Pub/Ven
040 ## - CATALOGING SOURCE
Original cataloging agency DPL
Language of cataloging Urdu
082 ## - DEWEY DECIMAL CLASSIFICATION NUMBER
Classification number 848.88
100 ## - MAIN ENTRY--PERSONAL NAME
Personal name مر تبہ :حسن ر ضا خا ن
245 ## - TITLE STATEMENT
Title بہا ر مين عر بی و فا ر سی کی نما يند ہ شخصيتين
Statement of responsibility, etc مر تبہ :حسن ر ضا خا ن
246 ## - VARYING FORM OF TITLE
Title proper/short title Eminent Personalities of Arabic and Persian in Bihar
Remainder of title By DR. Hasan Raza Khan
260 ## - PUBLICATION, DISTRIBUTION, ETC. (IMPRINT)
Name of publisher, distributor, etc Govt. of Bihar
Date of publication, distribution, etc 2010
Place of publication, distribution, etc Patna
270 ## - ADDRESS
Address Idara-e-Tehqeeqat Arabi -o-Farsi,Bari Path,Mahindero
City Patna
Telephone number -
Postal code 6
300 ## - PHYSICAL DESCRIPTION
Extent 177+7ص
Dimensions 22Cm (Hb)
942 ## - ADDED ENTRY ELEMENTS (KOHA)
Source of classification or shelving scheme Dewey Decimal Classification
Item type Urdu Bks
Edition
Classification part 848.88
Call number suffix خ ا ن
Holdings
Withdrawn status Lost status Source of classification or shelving scheme Damaged status Not for loan Collection code Home library Current library Date acquired Source of acquisition Cost, normal purchase price Total Checkouts Full call number Barcode Date last seen Copy number Cost, replacement price Koha item type
    Dewey Decimal Classification   Not For Loan Non-fiction D.B.Act.Division D.B.Act.Division 11/05/2015 DBAD/Pub. 200.00   848.88 خ ا ن U-7431 11/05/2015 1 200.00 Urdu Bks

© Delhi Public Library
Hit Counter
free hit counter